[Event "41st Nezhmetdinov Rapid 2019"]
[Site "Kazan"]
[Date "2019.05.30"]
[Round "8.4"]
[White "Moiseenko, Vadim"]
[Black "Tsydypov, Zhamsaran"]
[Result "0-1"]
[WhiteElo "2525"]
[BlackElo "2546"]
[Annotator "TA"]
[PlyCount "40"]
[EventDate "2019.05.29"]
[EventType "swiss"]
[EventCountry "RUS"]
[SourceTitle "playchess.com"]
[Source "ChessBase"]
[SourceQuality "1"]

{[%evp 17,107,14,20,16,37,12,25,-30,-35,-29,7,12,91,83,81,71,64,97,58,9,172,173,256,233,368,0,0,0,0,0,0,0,0,0,0,0,0,-37,-12,-12,-12,-12,-12,-13,-16,-29,-39,-43,-62,-137,-123,-742,-155,-1516,-1491,-1426,-1445,-1370,-1302,-1052,-977,-1332,-1327,-1310,-1291,-1309,-1264,-1232,-1246,-1111,-1139,-1050,-993,-835,-778,-1184,-1072,-29980,-29981,-29980,-29979,-29979,-29980,-29980,-29981,-29981,-29982,-29982,-29983,-29983,-29984,-29984]} 1. e4 c5 2. Nf3 d6 3. d4 cxd4 4. Nxd4 Nf6 5. Nc3 a6 6. Be3 Ng4 7. Bc1 g6 8. Be2 Nf6 9. Bg5 Bg7 10. Qd2 {B92: Sicilian Najdorf: 6 Be2} Nc6 11. Nb3 (11. Nxc6 bxc6 12. Bh6 Bxh6 13. Qxh6 Qb6 14. Rb1 Bg4 15. Bd3 Be6 16. h3 Rg8 17. Qd2 g5 {½-½ (26) Tazbir,M (2513)-Andriasian,Z (2616) Cappelle-la-Grande 2012}) 11... O-O 12. Bh6 ({Better is} 12. f3) 12... Bxh6 $146 ({Predecessor:} 12... b5 13. Bxg7 Kxg7 14. f3 Ne5 15. h4 h5 16. O-O-O {1-0 (31) Aaron,D (2321)-Ruiz Castillo,J (2367) Philadelphia 2017}) 13. Qxh6 b5 14. h4 Bg4 (14... Be6 $11) 15. f3 $1 $16 {[%cal Rf3g4]} Be6 16. h5 Rc8 ({Wrong is} 16... Nxh5 $2 17. g4 $18) 17. g4 {Threatens to win with hxg6.} Bxb3 18. axb3 {Strongly threatening hxg6.} Nd4 $2 {[#]} (18... Nb4 $11 19. Kf1 e5) 19. O-O-O $1 $18 e5 {[#]} (19... Rxc3 $142 20. Rxd4 Rc8) 20. g5 $1 {[%cal Rg5f6]} Nxe2+ {Played: Rc8xc3} 0-1

[Event "41st Nezhmetdinov Rapid 2019"]
[Site "Kazan"]
[Date "2019.05.30"]
[Round "8.5"]
[White "Svetushkin, Dmitry"]
[Black "Potapov, Pavel"]
[Result "1-0"]
[WhiteElo "2536"]
[BlackElo "2492"]
[Annotator "TA"]
[PlyCount "107"]
[EventDate "2019.05.29"]
[EventType "swiss"]
[EventCountry "RUS"]
[SourceTitle "playchess.com"]
[Source "ChessBase"]
[SourceQuality "1"]

{[%evp 17,107,10,10,4,18,7,38,30,35,27,27,18,70,27,24,12,10,5,3,9,9,4,13,11,12,12,44,30,72,56,66,77,74,38,124,89,120,120,134,111,143,53,53,53,120,120,120,120,153,82,120,120,119,114,141,146,368,102,148,146,148,8,8,0,146,146,146,0,0,0,146,43,50,51,412,401,429,414,454,431,5323,5489,5069,3444,2357,2909,29977,29978,29976,29975,29976,29976]} 1. e4 c5 2. Nf3 Nc6 3. Bb5 g6 4. c3 Bg7 5. O-O Nf6 6. Qe2 O-O 7. d4 cxd4 8. cxd4 d5 9. e5 Ne4 10. Rd1 {B31: Sicilian: 2...Nc6 3 Bb5 g6} Qb6 11. Nc3 Rd8 12. Be3 $146 {White is slightly better.} ({Predecessor:} 12. h3 Be6 13. Bd3 Bf5 14. g4 Nxc3 15. bxc3 Bxd3 16. Rxd3 Na5 17. Ba3 Rd7 18. Re1 Nc4 19. Bc1 f6 20. exf6 exf6 21. Nd2 Nxd2 22. Qxd2 {½-½ (22) Motwani,P (2511)-Shaw,J (2478) Aberdeen 2001}) 12... Bg4 13. Na4 Qa5 14. Rdc1 f6 (14... Rac8 $11) 15. Nc5 (15. h3 $5 {[%cal Rh3g4]} a6 16. Bxc6 (16. hxg4 Qxb5 17. Qxb5 axb5 $11) 16... bxc6 17. hxg4 Qxa4 18. b3 $11) 15... Nxc5 16. Rxc5 Qb6 {[%cal Rf6e5]} 17. Rac1 {[%cal Rb5c6]} fxe5 18. Bxc6 bxc6 19. Rxc6 Qb8 20. dxe5 Bxf3 21. Qxf3 {aiming for Rc7.} Qxe5 22. b4 Rf8 23. Qg4 Qf5 24. Qxf5 gxf5 25. Bc5 d4 (25... Rfc8 $14 26. b5 (26. Bxe7 $2 Rxc6 27. Rxc6 Re8 $19) 26... Rxc6 27. bxc6 Kf7) 26. Rc7 d3 27. Rd1 (27. Bxe7 $6 d2 $11) (27. Rxa7 $6 Rxa7 28. Bxa7 Ra8 $11) (27. Bxa7 Be5 $14) 27... Rfd8 28. Rxe7 d2 29. Rxa7 (29. Bxa7 $6 Bf8 $11) (29. Kf1 $16) 29... Rxa7 $14 30. Bxa7 $16 {[%mdl 4096] Endgame And now g3 would win. KRB-KRB} Bc3 (30... f4 $1 $14) 31. Be3 $1 Bxb4 32. Kf1 Kf7 33. a4 (33. Ke2 $142) 33... Kg6 34. Ke2 {[%cal Re3d2]} Re8 {Hoping for ...f4.} 35. g3 f4 36. gxf4 Kf5 $2 (36... Ra8 $16 37. Ra1 (37. Bxd2 Bxd2 38. Rxd2 Rxa4 $16) 37... Rd8) 37. Kd3 $2 (37. Rb1 $18 {is more deadly.} Bc3 38. Rb3) 37... Ra8 38. Kc4 $1 {[%cal Rc4b4]} (38. Bxd2 $6 Bxd2 39. Kxd2 (39. Rxd2 Rxa4 40. Ke2 Rxf4 $14) 39... Rxa4 $14) 38... Ba5 39. Kb5 ({Resist} 39. Bxd2 $6 Bxd2 40. Rxd2 Rxa4+ 41. Kd3 Rxf4 $14) ({White must play} 39. Kb3 $1 $16) 39... Bc3 $11 40. h3 h5 (40... Ke4 $11 {remains equal.}) 41. Kc4 $1 $16 {[%cal Rc4c3]} ({Reject} 41. Bxd2 $6 Ra5+ 42. Kc6 Bxd2 $11) 41... Ba5 42. Kb5 (42. Bxd2 $6 Bxd2 43. Rxd2 Rxa4+ 44. Kd5 Rxf4 $11) (42. Kb3 $1 $16) 42... Bc3 $11 43. Kc4 (43. f3 $11) 43... Ba5 $16 {[#]} 44. Kd3 ({Much worse is} 44. Bxd2 $6 Bxd2 45. Rxd2 Rxa4+ 46. Kb5 Rxf4 $11) ({White has to play} 44. Kb3 $1 $16) 44... Bb4 45. Kc2 Ke4 $2 {[%mdl 8192] [#]} (45... h4 $1 $14) 46. Kb3 $1 $18 {[%cal Rb3b4]} Rb8 {...Kd3 is the strong threat.} 47. Kc4 Kf3 {next ...Ke2 is good for Black.} 48. Bxd2 Ke2 (48... Bf8 $142 49. Ra1 Rc8+ 50. Kb5 Rc5+ 51. Kb6 Rf5) 49. Bxb4 Kxd1 50. f5 Rc8+ 51. Kd5 Rb8 52. Bd6 {White mates.} Rb3 53. f6 Rf3 54. Ke6 {Accuracy: White = 52%, Black = 23%.} 1-0

[Event "41st Nezhmetdinov Rapid 2019"]
[Site "Kazan"]
[Date "2019.05.30"]
[Round "8.6"]
[White "Iljiushenok, Ilia"]
[Black "Maiorov, Nikita"]
[Result "0-1"]
[WhiteElo "2534"]
[BlackElo "2514"]
[Annotator "TA"]
[PlyCount "76"]
[EventDate "2019.05.29"]
[EventType "swiss"]
[EventCountry "RUS"]
[SourceTitle "playchess.com"]
[Source "ChessBase"]
[SourceQuality "1"]

{[%evp 9,76,21,29,16,26,25,27,27,24,19,29,16,24,0,0,-10,-18,-9,-7,-13,60,0,34,22,29,18,22,12,12,21,14,0,14,-4,0,0,0,0,0,-79,-70,-95,-79,-89,-56,-200,-178,-308,-307,-312,-101,-96,-97,-309,-89,-87,-14,-162,-174,-184,-172,-464,-468,-567,-576,-585,-543,-852,-837]} 1. c4 e5 2. Nc3 Nc6 3. g3 Bc5 4. Bg2 d6 5. e3 a6 6. a3 {A25: English Opening vs King's Indian with ...Nc6 but without early d3} (6. Nf3 Nf6 7. O-O O-O 8. h3 Ba7 9. d4 h6 10. dxe5 dxe5 11. Qxd8 Rxd8 12. b3 Be6 13. Ba3 Rd7 14. Rfd1 Rad8 15. Rxd7 Rxd7 {½-½ (41) Howell,D (2676)-Ponomariov,R (2694) Riadh 2017}) 6... Ba7 7. b4 Nf6 8. Nge2 {White has an edge.} O-O 9. O-O Rb8 10. h3 Ne7 11. Bb2 $146 ({Predecessor:} 11. d4 exd4 12. exd4 Ng6 13. Nf4 Nxf4 14. Bxf4 {1-0 (35) Wiebe,P (2229)-Guelsen,T (2095) Dortmund 2017}) 11... Be6 12. d3 b5 13. cxb5 $1 axb5 14. d4 Bc4 (14... Qc8 $11) 15. Re1 (15. a4 $14) 15... Ng6 16. a4 bxa4 17. Rxa4 Bb6 18. b5 Be6 19. dxe5 dxe5 20. Qc2 Qc8 21. Kh2 Rd8 22. Nc1 Bf5 23. Qe2 h5 24. e4 (24. Rd1 $11 {keeps the balance.}) 24... Bd7 (24... Bg4 $5 25. hxg4 Nxg4+ {[%mdl 64] Double Attack} 26. Kh1 Nxf2+ 27. Kh2 Ng4+ 28. Kh1 Nf2+ 29. Kh2 h4 $15) 25. Nb3 h4 26. Rd1 c6 {aiming for ...Be6.} (26... Be8 {seems wilder.} 27. Rxd8 Qxd8 28. Ra2 Bd4 29. Ba1 c5) 27. bxc6 ({White should try} 27. Rc4 $15) 27... Bxc6 $19 28. Rc4 (28. Ra3 {keeps fighting.}) 28... Rxd1 29. Nxd1 {And now Qc2 would win.} hxg3+ $2 (29... Qa6 $19 30. Qc2 Bb5) 30. fxg3 $17 Qa6 {Hoping for ...Bb5.} 31. Nc3 $2 {[#]} (31. Qc2 $17 Bd7 32. Bc1) 31... Ba7 $2 $40 {[%mdl 128] White is in trouble.} (31... Bg1+ $1 $19 {[%mdl 512] and Black stays clearly on top.} 32. Kxg1 Rxb3) 32. Rb4 Qc8 ({Black should play} 32... Qxe2 $17 33. Rxb8+ Bxb8 34. Nxe2 Bxe4) 33. Rxb8 (33. Ba3 $11 {and White has nothing to worry.}) 33... Qxb8 $19 ({Stronger than} 33... Bxb8 34. Qc4 $11) 34. Qd1 Qb6 {Strongly threatening ...Nh5!} 35. Ba3 $2 (35. Ba1) 35... Qe3 {Black is clearly winning.} (35... Qf2 $2 36. Nc1 $19) 36. Qc1 Qf2 37. Qf1 Qc2 {[%mdl 64] Double Attack} 38. Qc4 {[#]} Bxe4 $1 {[%mdl 576] Pin. Accuracy: White = 29%, Black = 58%.} 0-1

[Event "41st Nezhmetdinov Rapid 2019"]
[Site "Kazan"]
[Date "2019.05.30"]
[Round "8.7"]
[White "Kokarev, Dmitry"]
[Black "Faizrakhmanov, Ramil"]
[Result "1-0"]
[WhiteElo "2605"]
[BlackElo "2438"]
[Annotator "TA"]
[PlyCount "149"]
[EventDate "2019.05.29"]
[EventType "swiss"]
[EventCountry "RUS"]
[SourceTitle "playchess.com"]
[Source "ChessBase"]
[SourceQuality "1"]

{[%evp 31,149,12,18,20,18,22,10,2,5,12,17,11,12,8,9,13,17,11,31,26,26,17,23,10,25,25,41,32,38,17,23,10,10,10,14,14,23,26,43,23,20,16,17,12,29,27,58,43,54,39,45,44,39,16,16,0,55,8,0,0,0,0,0,0,2,0,20,20,20,20,40,43,95,102,339,330,322,164,429,203,185,70,70,70,70,61,60,58,60,50,70,70,70,63,70,70,69,9,1575,1569,1517,1514,1370,1142,1122,960,7462,7462,7304,7304,7117,7008,5929,5928,5752,5752,4952,4926,4636,1564]} 1. e4 c6 2. d4 d5 3. Nc3 dxe4 4. Nxe4 Bf5 5. Ng3 Bg6 6. h4 h6 7. Nf3 Nd7 8. h5 Bh7 9. Bd3 Bxd3 10. Qxd3 e6 11. Bd2 Ngf6 12. O-O-O Be7 13. Ne4 Nxe4 14. Qxe4 Nf6 15. Qe2 Qd5 16. c4 Qe4 17. Qxe4 {B19: Classical Caro-Kann: 4...Bf5 main line} Nxe4 18. Be3 f5 19. Kc2 {The position is equal.} f4 20. Kd3 fxe3 21. Kxe4 exf2 22. Rdf1 Rf8 23. Rxf2 Bd6 24. Re2 {[#]} Kd7 $146 ({Predecessor:} 24... Rf4+) 25. Rh4 Rae8 26. a3 Rf5 27. b4 Ref8 28. Kd3 R8f7 29. a4 a6 30. c5 Bg3 31. Rg4 Bc7 32. Rge4 R7f6 33. Rh4 Rf7 34. Kc4 Bg3 {And now ...Rxf3 would win.} 35. Rg4 Bc7 36. Rge4 R7f6 37. Rh4 Rf7 38. Ree4 Bf4 39. b5 axb5+ 40. axb5 cxb5+ 41. Kxb5 Bc7 42. Kc4 Rf4 43. Kb5 R4f5 44. Reg4 b6 45. Rg6 bxc5 46. dxc5 Bd6 47. Rc4 Rxh5 48. Kb6 Be7 49. Nd4 Bd8+ 50. Kb7 Ke8+ 51. Ka6 Bf6 (51... e5 $14 52. Nb5 Rf6+ 53. Rxf6 gxf6) 52. Nb5 $1 $16 {[%cal Rb5d6]} Kd8 $2 {[#]} (52... Re7 $16 53. c6 Kf7) 53. c6 $1 $18 Be5 54. Rxe6 (54. g4 $142 Rg5 55. Rxe6) 54... Rhf5 $2 (54... Rf6 55. c7+ Bxc7 56. Rxf6 gxf6) 55. Re4 (55. Rc1 $142 {Intending Rd1+ and mate.} Re7 56. Rxe7 Kxe7 57. c7 Bxc7 58. Rxc7+ Kf6 59. Rc2) 55... R7f6 {[#]} 56. R6xe5 ({White must play} 56. Rxf6 $1 $18 Rxf6 57. Rxe5 Rxc6+ 58. Ka5) 56... Rxe5 $14 57. Rxe5 Rxc6+ $18 {[%mdl 4096] Endgame KRN-KR} 58. Kb7 Rc2 $1 59. g3 {Hoping for Nd4.} Kd7 60. Kb6 {Threatens to win with Rf5.} Rg2 61. Re3 h5 62. Nc3 g5 63. Ne4 {Nf6+ is the strong threat.} h4 64. g4 (64. Kc5 $14) 64... Kd8 $2 {[%mdl 8192]} (64... Ke6 $11) 65. Nf6 {[%csl Gf6][%cal Re3e8] White is clearly winning.} Rb2+ 66. Kc6 {[%csl Gf6][%cal Re3e8]} Rc2+ 67. Kd6 {[%csl Gf6][%cal Re3e8]} Rd2+ 68. Ke6 Rh2 69. Kf5 h3 70. Rd3+ Kc8 71. Kxg5 Rh1 72. Nh5 h2 73. Rd2 Kc7 74. Kh4 Kc8 75. Kh3 {Accuracy: White = 53%, Black = 45%.} 1-0

[Event "41st Nezhmetdinov Rapid 2019"]
[Site "Kazan"]
[Date "2019.05.30"]
[Round "8.8"]
[White "Shinkevich, Vitaly"]
[Black "Chigaev, Maksim"]
[Result "0-1"]
[WhiteElo "2438"]
[BlackElo "2637"]
[Annotator "TA"]
[PlyCount "98"]
[EventDate "2019.05.29"]
[EventType "swiss"]
[EventCountry "RUS"]
[SourceTitle "playchess.com"]
[Source "ChessBase"]
[SourceQuality "1"]

{[%evp 15,98,-17,20,-22,41,40,64,60,77,66,72,51,76,72,89,87,92,68,78,62,63,60,119,100,116,119,114,83,84,26,41,43,68,45,89,56,85,84,100,79,106,65,65,68,75,82,108,104,108,108,108,108,114,88,91,95,93,84,72,94,143,143,191,0,0,0,25,-22,-20,-20,-20,-26,-29,-75,-69,-95,-107,-107,-75,-83,-68,-66,-61,-235,-220]} 1. d4 Nf6 2. Nf3 g6 3. c4 Bg7 4. g3 O-O 5. Bg2 d6 6. Nc3 c5 7. O-O Nc6 8. e3 Bf5 9. b3 {E65: King's Indian: Fianchetto: 6...c5 7 0-0 without d5 by White} (9. d5 Na5 10. Qe2 a6 11. e4 Bg4 12. Bd2 Rb8 13. Rac1 Nd7 14. h3 Bxf3 15. Bxf3 Ne5 16. b3 Nxf3+ 17. Qxf3 {1-0 (42) Alekseev,E (2636)-Belyakov,B (2487) Sochi 2016}) 9... Qc8 (9... e5 $11) 10. Bb2 $14 Bh3 11. d5 {White is slightly better.} Nb4 12. a3 {And now Bxh3 would win.} Na6 13. Re1 $146 ({Predecessor:} 13. Qc2 Nc7 14. Rfe1 Bxg2 15. Kxg2 b5 16. e4 Rb8 {½-½ (39) Lopatievov,A (2041)-Petrik,K (2181) Slovakia 2009}) 13... Bg4 14. Qc2 Bxf3 15. Bxf3 Nc7 16. e4 Nd7 17. Kg2 Rb8 18. Be2 e5 ({Black should try} 18... a6 $14) 19. Bc1 Qd8 20. h4 f5 21. Bd2 f4 22. Bg4 (22. Qd3 $16) 22... Nf6 23. Bh3 Kh8 24. Qd3 Nce8 25. Rh1 Nh5 26. Bg4 Nhf6 27. Bf3 h5 28. Ne2 {[%cal Bc3e2,Be2g1,Bg1h3][%mdl 32]} fxg3 29. fxg3 b6 30. Ng1 Nh7 31. Nh3 Bf6 32. Raf1 Rb7 33. Be2 Rbf7 34. Bh6 Bg7 35. Rxf7 Rxf7 36. Bd2 Nef6 37. Ng5 Nxg5 38. hxg5 ({Much weaker is} 38. Bxg5 $6 Qf8 $11) 38... Nh7 {[#]} 39. g4 $2 ({White has to play} 39. Bxh5 $1 $18 {[%mdl 512]} gxh5 40. Rxh5) 39... h4 $1 $11 40. Rxh4 Kg8 41. Rh1 Nxg5 42. b4 Bf6 43. bxc5 bxc5 44. Qc2 Nh7 45. Qd3 Bg5 46. Be1 Bf4 47. Qb1 Ng5 48. Bh4 Qf8 49. Qc2 $2 {[#]} (49. Rf1 $15) 49... Be3 $1 {Accuracy: White = 37%, Black = 46%.} 0-1

[Event "41st Nezhmetdinov Rapid 2019"]
[Site "Kazan"]
[Date "2019.05.30"]
[Round "8.9"]
[White "Timofeev, Artyom"]
[Black "Gusarov, Grigory"]
[Result "1-0"]
[WhiteElo "2602"]
[BlackElo "2354"]
[Annotator "TA"]
[PlyCount "43"]
[EventDate "2019.05.29"]
[EventType "swiss"]
[EventCountry "RUS"]
[SourceTitle "playchess.com"]
[Source "ChessBase"]
[SourceQuality "1"]

{[%evp 20,81,21,12,34,27,39,45,54,48,60,45,105,71,112,96,121,104,129,90,306,308,384,363,385,285,333,333,342,341,490,490,468,482,468,450,464,445,508,523,502,502,596,587,604,595,744,741,732,714,829,839,841,833,827,834,842,841,1379,916,1023,959,1004,991]} 1. c4 Nf6 2. Nc3 c5 3. Nf3 g6 4. d4 cxd4 5. Nxd4 Bg7 6. e4 d6 7. Be2 O-O 8. O-O Nc6 9. Nc2 Nd7 10. Bd2 Nc5 11. f3 Nd4 {B37: Sicilian: Maroczy Bind with 5...Bg7, sidelines} (11... Bxc3 12. Bxc3 Na4 13. Qd2 f5 14. exf5 Bxf5 15. Ne3 Nxc3 16. bxc3 Rc8 17. f4 Na5 18. Rae1 Rc5 19. Nxf5 gxf5 {1-0 (31) Bocharov,D (2585)-Kokarev,D (2622) Khanty-Mansiysk 2017}) 12. Nxd4 Bxd4+ 13. Kh1 Bg7 {White is slightly better.} 14. Rc1 Be6 15. Be3 f5 $146 (15... Qa5 $14) ({Predecessor:} 15... Rc8 16. b3 b6 17. Qd2 Qd7 18. Rfd1 Rfd8 19. Bg5 Qb7 20. Qe3 Rd7 21. Nd5 {0-1 (36) Calzetta Ruiz,M-Nadal Bestard,S Palma de Mallorca 1992}) 16. b4 Nd7 17. exf5 Rxf5 18. Ne4 Kh8 19. Bd4 Ne5 $2 (19... Qf8 $16 {might work better.}) 20. f4 $18 Nc6 21. Bxg7+ Kxg7 22. g4 {Played: Be2-g4} 1-0

[Event "41st Nezhmetdinov Rapid 2019"]
[Site "Kazan"]
[Date "2019.05.30"]
[Round "8.10"]
[White "Usmanov, Vasily"]
[Black "Sakaev, Konstantin"]
[Result "0-1"]
[WhiteElo "2437"]
[BlackElo "2584"]
[Annotator "TA"]
[PlyCount "82"]
[EventDate "2019.05.29"]
[EventType "swiss"]
[EventCountry "RUS"]
[SourceTitle "playchess.com"]
[Source "ChessBase"]
[SourceQuality "1"]

{[%evp 20,82,18,12,21,17,19,11,18,7,6,6,18,6,9,0,0,7,9,-216,-222,-415,-427,-403,-400,-399,-302,-343,-164,-157,-157,-158,-170,-154,-150,-183,-173,-242,-245,-241,-229,-230,-229,-281,-239,-335,-335,-338,-314,-381,-388,-414,-409,-393,-409,-409,-409,-402,-398,-517,-517,-510,-473,-456,-448]} 1. d4 d5 2. c4 c6 3. cxd5 cxd5 4. Nf3 Nf6 5. Nc3 Nc6 6. Bf4 a6 7. e3 Bg4 8. h3 Bxf3 9. Qxf3 e6 10. Bd3 Bd6 11. Bg5 Be7 {D13: Slav Defence: Exchange variation without ...Bf5} 12. O-O (12. Bxf6 Bxf6 13. Rc1 O-O 14. O-O Rc8 15. Qd1 g6 16. f4 Be7 17. Na4 Nb4 18. Rxc8 Qxc8 19. Bb1 {½-½ (59) Prohaszka,P (2604)-Andreikin,D (2733) Abu Dhabi 2016}) 12... O-O 13. Rac1 Rc8 {The position is equal.} 14. Rfd1 Nd7 15. Bf4 Nb6 16. Qh5 {[%csl Gd3][%cal Rh5h7] [#]} g6 17. Qe2 Bd6 $146 ({Predecessor:} 17... Re8 18. Qf3 Bf8 19. g4 Na5 20. Bg3 Nac4 21. Qe2 Nd6 {0-1 (35) Hoang,T (1864)-Pham,L (2349) Da Lat 2014}) 18. Bh6 Re8 $36 {[%mdl 2048] next ...Qh4 is good for Black. Black fights for an advantage.} 19. a3 $2 (19. g3 $11) 19... Qh4 $19 20. Bxa6 $2 (20. Bf4 {is the only way for White.} Bxf4 21. exf4) 20... bxa6 ({Weaker is} 20... Qxh6 21. Bxb7 Rc7 22. Bxc6 $11 (22. Qb5 Rb8 $11)) 21. Qxa6 Nc4 (21... Qxh6 $2 22. Qxb6 Bc7 23. Qb5 $17 (23. Qxc6 $2 Bh2+ {[%mdl 64] Discovered Attack} 24. Kxh2 Rxc6 $19)) 22. Nb5 {Strongly threatening Rxc4!} Nb8 ({Not} 22... Qxh6 {[#]} 23. Rxc4 $1 {[%mdl 512]} Bh2+ 24. Kxh2 $17) 23. Qb7 {aiming for Rxc4!} Qxh6 (23... Rc6 $142 24. Rxc4 dxc4 25. Nxd6 Rxd6) 24. Rxc4 dxc4 ({Of course not} 24... Rxc4 $6 25. Nxd6 Qf8 26. Nxc4 $11) 25. Nxd6 Qf8 26. Nxc8 Rxc8 27. Rc1 Qd8 28. Rc3 (28. a4 {keeps fighting.}) 28... Nd7 29. Qb5 Rb8 30. Qxc4 Rxb2 31. a4 Nf6 32. Qc8 (32. Rc2 $142 Rb1+ 33. Rc1 Rxc1+ 34. Qxc1) 32... Qxc8 33. Rxc8+ {[%mdl 4096] Endgame KRN-KR} Kg7 34. a5 Ra2 35. Ra8 Ne4 36. f3 Ng3 37. a6 Nf5 38. d5 exd5 39. e4 dxe4 {Black is clearly winning.} 40. fxe4 Nd4 41. Kh2 Ne6 {Accuracy: White = 31%, Black = 66%.} 0-1

[Event "41st Nezhmetdinov Rapid 2019"]
[Site "Kazan"]
[Date "2019.05.30"]
[Round "9.1"]
[White "Tsydypov, Zhamsaran"]
[Black "Morozevich, Alexander"]
[Result "1-0"]
[WhiteElo "2546"]
[BlackElo "2656"]
[Annotator "TA"]
[PlyCount "65"]
[EventDate "2019.05.29"]
[EventType "swiss"]
[EventCountry "RUS"]
[SourceTitle "playchess.com"]
[Source "ChessBase"]
[SourceQuality "1"]

{[%evp 9,89,24,48,27,39,-16,35,51,36,45,33,36,56,25,47,0,0,8,5,-50,42,0,14,23,29,26,29,0,58,0,0,-27,0,0,0,-13,17,17,17,8,52,26,21,35,29,32,331,171,355,384,378,394,394,367,460,472,472,472,465,464,464,447,455,454,418,384,841,795,716,529,432,423,634,498,510,491,5306,5181,29989,29990,29991,29990]} 1. e4 d6 2. d4 Nf6 3. Nc3 e5 4. Nf3 Nbd7 5. Rg1 (5. Bc4 Be7 6. O-O O-O 7. a4 c6 8. Re1 h6 9. h3 Re8 10. dxe5 Nxe5 11. Nxe5 dxe5 12. Qf3 Bb4 13. Rd1 Qe7 14. Ne2 Be6 15. Bxe6 Qxe6 16. Ng3 Bc5 17. Be3 Bxe3 18. Qxe3 {½-½ (68) Dominguez Perez,L (2752)-Rapport,R (2739) Hengshui 2019}) 5... g6 6. g4 {C41: Philidor Defence} Bg7 7. Be3 ({White should try} 7. g5 $14 Nh5 8. Be3) 7... O-O ({Black should play} 7... Nb6 $11) 8. g5 $14 {White is slightly better.} Nh5 9. Qd2 c6 10. O-O-O Qe7 11. Be2 Re8 $146 ({Predecessor:} 11... b5 12. dxe5 dxe5 {1-0 (63) Smerdon,D (2460)-Gagunashvili,M (2611) Cappelle-la-Grande 2007}) 12. d5 {aiming for dxc6.} c5 $1 13. h4 a6 $1 14. a4 (14. Nh2 $11) 14... Qd8 (14... b5 $15) 15. Qe1 Qa5 16. Nd2 Nf4 17. Nc4 Qc7 18. h5 Nb6 (18... gxh5 $11 19. Na3 Qa5) 19. hxg6 (19. h6 $14 Nxe2+ 20. Qxe2 Nxc4 21. Qxc4 (21. hxg7 b5 $11)) 19... fxg6 $11 20. Na3 Bd7 (20... Nxa4 $5 21. Nxa4 b5 $14) 21. b3 Nc8 22. Bg4 Rb8 23. Bxd7 Qxd7 24. Qf1 Bf8 25. Rh1 Be7 26. Bxf4 exf4 27. e5 dxe5 $2 {[%mdl 8192] [#]} (27... Bxg5 $14 28. e6 Qg7) 28. Nc4 (28. d6 $142 $1 {[%mdl 512]} Bd8 (28... Nxd6 29. Ne4) 29. Ne4) 28... Bxg5 $2 (28... Nd6) 29. Ne4 $1 $18 {[%csl LRc5,LRg5]} Qf5 30. Nxg5 Qxg5 31. Qh3 h5 32. d6 Qf6 {[#]} 33. Rhg1 {Played: d6-d7} 1-0

[Event "41st Nezhmetdinov Rapid 2019"]
[Site "Kazan"]
[Date "2019.05.30"]
[Round "9.2"]
[White "Rozum, Ivan"]
[Black "Vallejo Pons, Francisco"]
[Result "0-1"]
[WhiteElo "2568"]
[BlackElo "2688"]
[Annotator "TA"]
[PlyCount "34"]
[EventDate "2019.05.29"]
[EventType "swiss"]
[EventCountry "RUS"]
[SourceTitle "playchess.com"]
[Source "ChessBase"]
[SourceQuality "1"]

{[%evp 9,46,16,8,3,9,16,19,18,13,3,14,0,9,-85,-80,-194,-205,-197,-197,-192,-206,-193,-194,-178,-128,-122,-103,-285,-275,-275,-247,-235,-237,-417,-409,-408,-409,-410,-377]} 1. Nf3 d5 2. g3 Nd7 3. d4 b5 4. Qd3 $146 ({Predecessor:} 4. Nc3 c6 5. a3 Ngf6 6. Bg2 e6 7. e4 b4 8. axb4 Bxb4 9. Nd2 Nb6 10. e5 Nfd7 11. Ne2 {1-0 (42) Meier,G (2623)-Postny,E (2630) Nancy 2019}) 4... Rb8 5. e4 dxe4 6. Qxe4 {D02: 1 d4 d5 2 Nf3 sidelines, including 2...Nf6 3 g3 and 2...Nf6 3 Bf4} Ngf6 7. Qe2 e6 8. Bg2 {The position is equal.} Bb7 9. O-O Bd6 10. Nc3 b4 $36 {[%mdl 2048] White is under pressure.} 11. Na4 (11. Nb1 $11) 11... Bc6 $17 12. c4 (12. b3 $17) 12... Bxa4 $19 13. Ne5 c5 14. b3 cxd4 15. Nd3 Qc7 {And now ...Bc6 would win.} 16. bxa4 Qxc4 17. Bb2 Nd5 {Played: Nd7-c5} 0-1

[Event "41st Nezhmetdinov Rapid 2019"]
[Site "Kazan"]
[Date "2019.05.30"]
[Round "9.3"]
[White "Maiorov, Nikita"]
[Black "Svetushkin, Dmitry"]
[Result "1/2-1/2"]
[WhiteElo "2514"]
[BlackElo "2536"]
[Annotator "TA"]
[PlyCount "19"]
[EventDate "2019.05.29"]
[EventType "swiss"]
[EventCountry "RUS"]
[SourceTitle "playchess.com"]
[Source "ChessBase"]
[SourceQuality "1"]

{[%evp 15,19,0,11,0,63,0]} 1. d4 Nf6 $146 ({Predecessor:} 1... d5 2. c4 c6 3. cxd5 cxd5 4. Nc3 Nc6 5. Nf3 {½-½ (9) Vladimirov,Y (2589)-Granda Zuniga,J (2679) Pavlodar 2015}) 2. c4 c6 3. Nc3 d5 4. cxd5 cxd5 5. Nf3 Nc6 6. Bf4 Nh5 7. Bc1 Nf6 8. Bf4 Nh5 9. Bc1 {D13: Slav Defence: Exchange variation without ...Bf5} Nb8 ({Black should play} 9... Nf6 $11) 10. Nb1 (10. Ne5 $14) 1/2-1/2